Top Ten Biggest Countries In NATO By Population - Statistics

General Stats
  • This quiz has been taken 485 times
    439 since last reset
  • The average score is 9 of 10
Answer Stats
Population Answer % Correct
318.9 million (2014) United States Of America
100%
66.03 million (2013) France
98%
80.62 million (2013) Germany
98%
64.1 million (2013) United Kingdom
97%
59.83 million (2013) Italy
95%
46.77 million (2014) Spain
95%
35.16 million (2013) Canada
91%
38.53 million (2013) Poland
89%
74.93 million (2013) Turkey
83%
19.96 million (2013) Romania
77%
No matching quizzes found
Score Distribution
Percent of People with Each Score
Percentile by Number Answered
Your Score History
You have not taken this quiz since the last reset